000 00439nam a2200169Ia 4500
003 IT-RoPAU
005 20220918175359.0
008 120407s9999 xx 000 0 und d
040 _aIT-RoPAU
040 _cIT-RoPAU
100 _aP. Benoit
_934240
245 _aLes epitres de saint Paul aux Philippiens, a Philemon, aux Colessiens, aux Ephesiens
260 _aLes Editions du Cerf
300 _c cm
490 _v1
942 _cBK
_2ddc
999 _c7579
_d7579